Kraje z prawem startu w Pucharze Świata - Statystyki

Ogólne statystyki
  • Ten quiz został rozwiązany 1 259 razy
  • Średni wynik to 17 z 20
Statystyki odpowiedzi
Kraj % Poprawnych
Polska
99%
Niemcy
97%
Norwegia
95%
Austria
94%
Japonia
94%
Finlandia
92%
Słowenia
92%
Rosja
89%
Czechy
88%
Stany Zjednoczone
88%
Włochy
86%
Francja
85%
Kanada
82%
Szwajcaria
81%
Ukraina
80%
Kazachstan
79%
Estonia
78%
Bułgaria
76%
Rumunia
76%
Korea Południowa
67%
Nie znaleziono quizów pasujących do podanych kryteriów
Rozkład punktacji
Procent ludzi z każdym wynikiem
Percentyl według liczby udzielonych odpowiedzi
Twoja historia wyników
Nie rozwiązałeś tego quizu